[Event "NED-ch op-A"]
[Site "Borne"]
[Date "2019.08.05"]
[Round "2"]
[White "Leenen, Boyd"]
[Black "Barbier, Sarah"]
[Result "1/2-1/2"]
[WhiteElo "618"]
[BlackElo "386"]
[PlyCount "38"]
[EventDate "2019.08.05"]
[EventType "swiss"]
[EventRounds "9"]
[EventCountry "NED"]
[SourceTitle "EXT 2020"]
[Source "ChessBase"]
[SourceDate "2019.10.17"]
[SourceVersion "1"]
[SourceVersionDate "2019.10.17"]
[SourceQuality "1"]

1. e4 e5 2. Nf3 Bc5 3. Bc4 a5 4. Nxe5 Qe7 5. d4 Ba7 6. Nc3 Nf6 7. Qd3 Nc6 8. Nf3 Ng4 9. h3 Nh6 10. Bxh6 gxh6 11. d5 Qc5 12. dxc6 Qxf2+ 13. Kd1 Be3 14. Qe2 Qh4 15. Nxh4 Bg5 16. cxb7 Bxb7 17. Bd5 Bxd5 18. Nxd5 0-0-0 19. Nf5 Rhe8 1/2-1/2